<?xml version="1.0" encoding="UTF-8"?><?xml-stylesheet type="text/xsl" href="static/style.xsl"?><OAI-PMH xmlns="http://www.openarchives.org/OAI/2.0/" xmlns:xsi="http://www.w3.org/2001/XMLSchema-instance" xsi:schemaLocation="http://www.openarchives.org/OAI/2.0/ http://www.openarchives.org/OAI/2.0/OAI-PMH.xsd"><responseDate>2026-04-14T03:21:50Z</responseDate><request verb="GetRecord" identifier="oai:www.recercat.cat:2072/485602" metadataPrefix="marc">https://recercat.cat/oai/request</request><GetRecord><record><header><identifier>oai:recercat.cat:2072/485602</identifier><datestamp>2025-08-31T18:22:55Z</datestamp><setSpec>com_2072_98</setSpec><setSpec>col_2072_378192</setSpec></header><metadata><record xmlns="http://www.loc.gov/MARC21/slim" xmlns:dcterms="http://purl.org/dc/terms/" xmlns:xsi="http://www.w3.org/2001/XMLSchema-instance" xmlns:doc="http://www.lyncode.com/xoai" xsi:schemaLocation="http://www.loc.gov/MARC21/slim http://www.loc.gov/standards/marcxml/schema/MARC21slim.xsd">
   <leader>00925njm 22002777a 4500</leader>
   <datafield ind2=" " ind1=" " tag="042">
      <subfield code="a">dc</subfield>
   </datafield>
   <datafield ind2=" " ind1=" " tag="720">
      <subfield code="a">Nel·lo, Oriol,</subfield>
      <subfield code="e">author</subfield>
   </datafield>
   <datafield ind2=" " ind1=" " tag="260">
      <subfield code="c">2015</subfield>
   </datafield>
   <datafield ind2=" " ind1=" " tag="520">
      <subfield code="a">Número monogràfic: 'Sistemas patrimoniales territoriales en regiones urbanas y áreas metropolitanas'</subfield>
   </datafield>
   <datafield ind2=" " ind1=" " tag="520">
      <subfield code="a">El artículo estudia la relación entre los movimientos sociales urbanos y el patrimonio colectivo en la región metropolitana de Barcelona. Basándose en diversos inventarios y estadísticas de las movilizaciones y conflictos acaecidos en este ámbito en las últimas décadas el trabajo muestra el carácter permanente de los conflictos urbanos, que han sido uno de los rasgos distintivos de la historia de la ciudad. Esta permanencia no ha representado un obstáculo a la existencia de cambios en la orien-tación mayoritaria de los movimientos. Éstos pasaron de tener un cariz claramente ofensivo y centrado en la reivindicación de equipamientos y calidad urbana en el pe-ríodo de la Transición política, a una mayor preocupación por los temas ambientales y de defensa del territorio durante los años de expansión económica (1996-2007). Final-mente, coincidiendo con el advenimiento de la crisis económica, su foco parece haber-se desplazado a las condiciones de vida de la población, así como a la promoción de formas alternativas de producción y circulación de bienes y servicios. A lo largo de esta trayectoria, los temas relativos al patrimonio colectivo -natural, histórico y social- y los derechos a él asociados, han tenido una importancia capital en la motivación y evolución de los movimientos urbanos, los cuales han sido en muchos casos determi-nantes para su preservación y gestión.</subfield>
   </datafield>
   <datafield ind1="8" ind2=" " tag="024">
      <subfield code="a">http://hdl.handle.net/2072/485602</subfield>
   </datafield>
   <datafield tag="653" ind2=" " ind1=" ">
      <subfield code="a">Movimientos sociales urbanos</subfield>
   </datafield>
   <datafield tag="653" ind2=" " ind1=" ">
      <subfield code="a">Patrimonio colectivo</subfield>
   </datafield>
   <datafield tag="653" ind2=" " ind1=" ">
      <subfield code="a">Bienes públicos</subfield>
   </datafield>
   <datafield tag="653" ind2=" " ind1=" ">
      <subfield code="a">Barcelona</subfield>
   </datafield>
   <datafield ind2="0" ind1="0" tag="245">
      <subfield code="a">Movimientos urbanos y defensa del patrimonio colectivo en la región metropolitana de Barcelona</subfield>
   </datafield>
</record></metadata></record></GetRecord></OAI-PMH>